000 00713nam a2200205 i 4500
001 bg
245 1 0 _aApplication photoacoutics method for gyrotropic media :
_bpraca zbiorowa /
_cred. nauk. J. Ranachowski.
260 _aWarszawa :
_bIPPT,
_c1999.
300 _a10 s. :
_bwykr. ;
_c21 cm.
490 1 _aPrace Instytutu Podstawowych Problemów Techniki PAN,
_x0208-5058 ;
_v1/1999
650 9 _aElektromagnetyzm
_xteoria
650 9 _aAkustyka
_xstosowanie
700 1 _aRANACHOWSKI, Jerzy
_d(1926- ).
_eRed.
830 _aPrace Instytutu Podstawowych Problemów Techniki PAN,
_x0208-5058 ;
040 _cBPK
041 0 _apl
080 _a537.8:534.8
942 _cKS
008 s pl f |000 0 pol
999 _c34573
_d34573
856 _uhttp://koha.tu.koszalin.pl/cgi-bin/koha/opac-detail.pl?biblionumber=34573
_yKatalog online BPK